<?xml version="1.0" encoding="UTF-8"?>
<resp>
  <nextPage>https://data.bn.org.pl/api/networks/bibs.marcxml?marc=001+b00001150001113&amp;sinceId=1150001114</nextPage>
  <collection>
    <record xmlns='http://www.loc.gov/MARC21/slim'><leader>00882namZa2200289ZiZ4500</leader><controlfield tag='001'>b00001150001113</controlfield><controlfield tag='005'>20241203214410.5</controlfield><controlfield tag='008'>230609s        pl           |000 0 pol c</controlfield><controlfield tag='009'>9913262277205606</controlfield><datafield ind1=' ' ind2=' ' tag='020'><subfield code='a'>83714000551</subfield></datafield><datafield ind1=' ' ind2=' ' tag='035'><subfield code='a'>KR_1KR_1_20120317232958037539-48omnis_kr</subfield></datafield><datafield ind1=' ' ind2=' ' tag='035'><subfield code='a'>KR_1_20120317232958037539</subfield><subfield code='9'>ExL</subfield></datafield><datafield ind1=' ' ind2=' ' tag='035'><subfield code='a'>(PL)b00001150001113</subfield></datafield><datafield ind1=' ' ind2=' ' tag='040'><subfield code='a'>KR_1</subfield><subfield code='c'>KR_1</subfield></datafield><datafield ind1='1' ind2=' ' tag='041'><subfield code='a'>pol</subfield><subfield code='h'>eng</subfield></datafield><datafield ind1='1' ind2=' ' tag='100'><subfield code='a'>Wilson, John</subfield></datafield><datafield ind1='1' ind2='0' tag='245'><subfield code='a'>Jak złowić klenia /</subfield><subfield code='c'>John Wilson ; [przekł. Jacek Wolnicki].</subfield></datafield><datafield ind1=' ' ind2=' ' tag='260'><subfield code='a'>W-wa :</subfield><subfield code='b'>Warszawski Dom Wydawniczy,</subfield><subfield code='c'>[b.r.].</subfield></datafield><datafield ind1=' ' ind2=' ' tag='300'><subfield code='a'>127 s. :</subfield><subfield code='b'>fot. kolor., il. ;</subfield><subfield code='c'>24 cm</subfield></datafield><datafield ind1='1' ind2=' ' tag='490'><subfield code='a'>Wędkarz Amator i Profesjonalista.</subfield></datafield><datafield ind1=' ' ind2=' ' tag='500'><subfield code='a'>n</subfield></datafield><datafield ind1=' ' ind2=' ' tag='504'><subfield code='a'>Indeks.</subfield></datafield><datafield ind1=' ' ind2=' ' tag='852'><subfield code='b'>48OMNIS_NETWORK</subfield><subfield code='8'>9913262277205606</subfield></datafield><datafield ind1=' ' ind2=' ' tag='852'><subfield code='b'>48OMNIS_KR</subfield><subfield code='8'>991000011129708216</subfield></datafield><datafield ind1=' ' ind2=' ' tag='920'><subfield code='a'>83-7140-005-51</subfield></datafield></record>
  </collection>
</resp>
